| 000 | 00364nam a2200109Ia 4500 | ||
|---|---|---|---|
| 008 | 171211s9999 xx 000 0 und d | ||
| 245 | _aAmerican Prophets: Seven Religious Radicals and Their Struggle for Social and Political Justice | ||
| 245 | _cAlbert J. Raboteau | ||
| 260 | _c2016 | ||
| 650 | _xBiography | ||
| 856 | _uhttp://down.ebook777.com/060/0691164304.pdf | ||
| 999 |
_c349951 _d349951 |
||